000 00624nam a2200193Ia 4500
008 260312s9999 xx 000 0 und d
082 _a342.45 C758r 1982 HNA
100 _aItalia. Camera dei deputati
_935130
245 0 _aConstitution de la Republique Italienne: Reglements de la Chambre des Deputes et du Senat de la Republique.
260 _aChambre des Députés
260 _bRome, Italia
260 _c1982
300 _a203p.
500 _aColección Humberto Nogueira Alcalá
650 _aConstitución
_92299
650 _aDerecho constitucional
_91698
650 _aItalia
_91957
942 _2ddc
_cLIBRO
999 _c19956
_d19956